000 00356 a2200169 4500
001 50564
020 _a8532212549
040 _cAnchieta - Bela Vista
100 _aGuimarães, Bernardo
240 1 0 _aO seminarista
_lpor
245 1 0 _aO seminarista
300 _a160
362 0 _a1999
440 1 _aFTD
650 4 _aFicção brasileira
942 _cBK
999 _c50564
_d50564